000 00430nam a2200169 4500
001 120482
003 ES-MaACL
005 20230906191548.0
007 t|
008 070214s1972 sp r ||||1| spa d
100 1 _aPitol, Sergio.
_992416
245 1 4 _aLos climas /
_cSergio Pitol.
250 _a1ยช ed.
260 _aBarcelona :
_bSeix Barral,
_c1972.
300 _a133 p. ;
_c20 cm.
852 _aES-MaACL
_jC-43209
_bR.82165
999 _c120482
_d120482